| 000 | 00694nam a2200205 4500 | ||
|---|---|---|---|
| 001 | 145315 | ||
| 003 | ES-MaACL | ||
| 005 | 20230906201215.0 | ||
| 007 | t| | ||
| 008 | 070214s1984 sp r ||||1| spa d | ||
| 100 | 1 |
_aSoria Olmedo, Andrés. _9107368 |
|
| 245 | 1 | 4 |
_aLos Dialoghi d'amore de León Hebreo _b: aspectos literarios y culturales / _cpor Andrés Soria Olmedo. |
| 260 |
_aGranada : _bUniversidad de Granada, Departamento de Publicaciones, _c1984. |
||
| 300 |
_a182 p. ; _c21 cm. |
||
| 490 | 1 |
_aCol. filológica ; _v32 |
|
| 710 | 2 |
_aUniversidad de Granada. _97176 |
|
| 830 | 0 |
_aCol. filológica ; _v32 _9187398 |
|
| 852 |
_aES-MaACL _jL-8037 _bR.108171 |
||
| 999 |
_c145315 _d145315 |
||